| Поле | Название | Значение |
| |
Тип записи |
c |
| |
Библиографический уровень |
m |
| 001 |
Контрольный номер |
UONB/MAIN/954a5d355f984e198843041c4a98ca44 |
| 005 |
Дата корректировки |
20250214143038.9 |
| 010 |
Индекс ISBN |
__ |
| 9 |
Тираж |
3000 экз. |
| 013 |
Номер (ISMN) |
__ |
| d |
Цена |
1 р. 20 к. |
| 071 |
Издательские номер (звукозапись и ноты) |
21 |
| a |
Номер, присвоенный агентством |
10098 |
| 100 |
Данные общей обработки |
__ |
| a |
Данные общей обработки |
20250213d1978 d y0rusy0189 ca |
| 101 |
Язык документа |
0_ |
| a |
Язык текста |
rus |
| f |
Язык титульного листа |
rus |
| 102 |
Страна публикации |
__ |
| a |
Страна публикации |
RU |
| 125 |
Кодированные данные звукозаписи и нотных изданий |
__ |
| a |
Форма изложения нотного текста |
m |
| 128 |
Кодированные данные (звукозаписи-физические характеристики) |
__ |
| a |
Кодированные данные: Музыкальная форма и тональность или лад |
sg |
| b |
Инструменты или голоса, необходимые для ансамблей (устаревшее) |
cd |
| 200 |
Заглавие и сведения об ответственности |
1_ |
| a |
Заглавие |
Снежинки |
| e |
Сведения, относящиеся к заглавию |
пение в сопровождении фортепиано и без сопровождения |
| f |
Первые сведения об ответственности |
составитель и автор предисловия В. Попов |
| 203 |
Вид содержания и тип средства |
__ |
| a |
Вид содержания |
Музыка |
| b |
Характеристика содержания |
знаковая |
| c |
Тип средства |
непосредственная |
| 210 |
Выходные данные |
1_ |
| a |
Место издания |
Москва |
| c |
Издательство |
Музыка |
| d |
Дата издания |
1978 |
| 215 |
Физическое описание |
__ |
| a |
Объем |
48 с. |
| d |
Формат |
29 см |
| c |
Иллюстрации/тип воспроизводства |
ил. |
| 225 |
Серия |
1_ |
| a |
Серия |
Детские и юношеские хоры |
| e |
Сведения, относящиеся к заглавию серии |
репертуар детского хора Болгарского радио и телевидения |
| 327 |
Примечание о содержании |
11 |
| a |
Примечание о содержании |
Содерж.: Недялков Хр. Пионерский отряд / сл. Н. Зидарова ; пер. Ю. Кушака ; Если мы хотим победить / сл. Г. Джагарова ; пер. Ю. Кушака ; Зимняя песенка / сл. Д. Спасова ; пер. Ю. Кушака ; Майские шары / сл. Л. Даскаловой ; пер. Ю. Кушака. - Косев А. Высота, красота / сл. О. Орлинова ; аранж. В. Попова ; пер. М. Павловой. - Попов Т. Снежинки / сл. Н. Зидарова ; пер. Ю. Кушака. - Текелиев А. Машинист / сл. Н. Савова ; пер. Ю. Кушака. - Минчев Г. Веселый петушок / сл. А. Мочурова ; пер. М. Павловой. - Ковачев Хр. Петя-ученик / сл. Л. Станчева ; пер. Ю. Кушака. - Илиев К. Голубой поезд ; Белые птенчики / сл. Л. Милевой ; пер. М. Павловой. - Костов Г. Сорока-певица ; Сверчок ; Кузнечик ; Майский жук сел на ветку : хоровой цикл "Песни о животных" / сл. Е. Пелина ; пер. Л. Дымовой. |
| 464 |
Аналитический уровень |
_0 |
| 1 |
|
036 |
| t |
|
Выходи на парад, пионерский отряд... |
| 1 |
|
700 1 |
| a |
|
Недялков |
| b |
|
Хр. |
| 1 |
|
702 1 |
| a |
|
Зидаров |
| b |
|
Н. |
| 4 |
|
520 |
| 1 |
|
702 1 |
| a |
|
Кушак |
| b |
|
Ю. |
| 4 |
|
730 |
| 1 |
|
2001 |
| a |
|
Пионерский отряд |
| 464 |
Аналитический уровень |
_0 |
| 1 |
|
036 |
| t |
|
Нужно, нужно быть умнее с каждым годом... |
| 1 |
|
700 1 |
| a |
|
Недялков |
| b |
|
Хр. |
| 1 |
|
702 1 |
| a |
|
Джагаров |
| b |
|
Г. |
| 4 |
|
520 |
| 1 |
|
702 1 |
| a |
|
Кушак |
| b |
|
Ю. |
| 4 |
|
730 |
| 1 |
|
2001 |
| a |
|
Если мы хотим победить |
| 464 |
Аналитический уровень |
_0 |
| 1 |
|
036 |
| t |
|
Над притихшими полями мчатся сани с бубенцами... |
| 1 |
|
700 1 |
| a |
|
Недялков |
| b |
|
Хр. |
| 1 |
|
702 1 |
| a |
|
Спасов |
| b |
|
Д. |
| 4 |
|
520 |
| 1 |
|
702 1 |
| a |
|
Кушак |
| b |
|
Ю. |
| 4 |
|
730 |
| 1 |
|
2001 |
| a |
|
Зимняя песенка |
| 464 |
Аналитический уровень |
_0 |
| 1 |
|
036 |
| t |
|
Майские шарики, мчитесь по свету!.. |
| 1 |
|
700 1 |
| a |
|
Недялков |
| b |
|
Хр. |
| 1 |
|
702 1 |
| a |
|
Даскалова |
| b |
|
Л. |
| 4 |
|
520 |
| 1 |
|
702 1 |
| a |
|
Кушак |
| b |
|
Ю. |
| 4 |
|
730 |
| 1 |
|
2001 |
| a |
|
Майские шары |
| 464 |
Аналитический уровень |
_0 |
| 1 |
|
036 |
| t |
|
Ты цвети, земля родная... |
| 1 |
|
700 1 |
| a |
|
Косев |
| b |
|
А. |
| 1 |
|
702 1 |
| a |
|
Орлинов |
| b |
|
О. |
| 4 |
|
520 |
| 1 |
|
702 1 |
| a |
|
Павлова |
| b |
|
М. |
| 4 |
|
730 |
| 1 |
|
702 1 |
| a |
|
Попов |
| b |
|
В. |
| 4 |
|
030 |
| 1 |
|
2001 |
| a |
|
Высота, красота |
| 464 |
Аналитический уровень |
_0 |
| 1 |
|
036 |
| t |
|
Тихо снежинки летят... |
| 1 |
|
700 1 |
| a |
|
Попов |
| b |
|
Т. |
| 1 |
|
702 1 |
| a |
|
Зидаров |
| b |
|
Н. |
| 4 |
|
520 |
| 1 |
|
702 1 |
| a |
|
Кушак |
| b |
|
Ю. |
| 4 |
|
730 |
| 1 |
|
2001 |
| a |
|
Снежинки |
| 464 |
Аналитический уровень |
_0 |
| 1 |
|
036 |
| t |
|
Фыркнул поезд, фыркнул поезд... |
| 1 |
|
700 1 |
| a |
|
Текелиев |
| b |
|
А. |
| 1 |
|
702 1 |
| a |
|
Савов |
| b |
|
Н. |
| 4 |
|
520 |
| 1 |
|
702 1 |
| a |
|
Кушак |
| b |
|
Ю. |
| 4 |
|
730 |
| 1 |
|
2001 |
| a |
|
Машинист |
| 464 |
Аналитический уровень |
_0 |
| 1 |
|
036 |
| t |
|
Солнце за день утомится... |
| 1 |
|
700 1 |
| a |
|
Минчев |
| b |
|
Г. |
| 1 |
|
702 1 |
| a |
|
Мочуров |
| b |
|
А. |
| 4 |
|
520 |
| 1 |
|
702 1 |
| a |
|
Павлова |
| b |
|
М. |
| 4 |
|
730 |
| 1 |
|
2001 |
| a |
|
Веселый петушок |
| 464 |
Аналитический уровень |
_0 |
| 1 |
|
036 |
| t |
|
Слышите, ребята, всюду шум и крик?.. |
| 1 |
|
700 1 |
| a |
|
Ковачев |
| b |
|
Хр. |
| 1 |
|
702 1 |
| a |
|
Станчев |
| b |
|
Л. |
| 4 |
|
520 |
| 1 |
|
702 1 |
| a |
|
Кушак |
| b |
|
Ю. |
| 4 |
|
730 |
| 1 |
|
2001 |
| a |
|
Петя-ученик |
| 464 |
Аналитический уровень |
_0 |
| 1 |
|
036 |
| t |
|
Чудный поезд бульваром идет... |
| 1 |
|
700 1 |
| a |
|
Илиев |
| b |
|
К. |
| 1 |
|
702 1 |
| a |
|
Милева |
| b |
|
Л. |
| 4 |
|
520 |
| 1 |
|
702 1 |
| a |
|
Павлова |
| b |
|
М. |
| 4 |
|
730 |
| 1 |
|
2001 |
| a |
|
Голубой поезд |
| 464 |
Аналитический уровень |
_0 |
| 1 |
|
036 |
| t |
|
Птенчики белые, наши цыплята... |
| 1 |
|
700 1 |
| a |
|
Илиев |
| b |
|
К. |
| 1 |
|
702 1 |
| a |
|
Милева |
| b |
|
Л. |
| 4 |
|
520 |
| 1 |
|
702 1 |
| a |
|
Павлова |
| b |
|
М. |
| 4 |
|
730 |
| 1 |
|
2001 |
| a |
|
Белые птенчики |
| 464 |
Аналитический уровень |
_0 |
| 1 |
|
036 |
| t |
|
Поднялись среди ночи мы... |
| 1 |
|
700 1 |
| a |
|
Костов |
| b |
|
Г. |
| 1 |
|
702 1 |
| a |
|
Пелин |
| b |
|
Е. |
| 4 |
|
520 |
| 1 |
|
702 1 |
| a |
|
Дымова |
| b |
|
Л. |
| 4 |
|
730 |
| 1 |
|
2001 |
| a |
|
Сорока-певица |
| e |
|
из хорового цикла "Песни о животных" |
| 1 |
|
50010 |
| a |
|
Песни о животных |
| 464 |
Аналитический уровень |
_0 |
| 1 |
|
036 |
| t |
|
Возле речки светлым маем... |
| 1 |
|
700 1 |
| a |
|
Костов |
| b |
|
Г. |
| 1 |
|
702 1 |
| a |
|
Пелин |
| b |
|
Е. |
| 4 |
|
520 |
| 1 |
|
702 1 |
| a |
|
Дымова |
| b |
|
Л. |
| 4 |
|
730 |
| 1 |
|
2001 |
| a |
|
Сверчок |
| e |
|
из хорового цикла "Песни о животных" |
| 1 |
|
50010 |
| a |
|
Песни о животных |
| 464 |
Аналитический уровень |
_0 |
| 1 |
|
036 |
| t |
|
Вечно хлопочет кузнечик... |
| 1 |
|
700 1 |
| a |
|
Костов |
| b |
|
Г. |
| 1 |
|
702 1 |
| a |
|
Пелин |
| b |
|
Е. |
| 4 |
|
520 |
| 1 |
|
702 1 |
| a |
|
Дымова |
| b |
|
Л. |
| 4 |
|
730 |
| 1 |
|
2001 |
| a |
|
Кузнечик |
| e |
|
из хорового цикла "Песни о животных" |
| 1 |
|
50010 |
| a |
|
Песни о животных |
| 464 |
Аналитический уровень |
_0 |
| 1 |
|
036 |
| t |
|
Днем весенним и светлым... |
| 1 |
|
700 1 |
| a |
|
Костов |
| b |
|
Г. |
| 1 |
|
702 1 |
| a |
|
Пелин |
| b |
|
Е. |
| 4 |
|
520 |
| 1 |
|
702 1 |
| a |
|
Дымова |
| b |
|
Л. |
| 4 |
|
730 |
| 1 |
|
2001 |
| a |
|
Майский жук сел на ветку |
| e |
|
из хорового цикла "Песни о животных" |
| 1 |
|
50010 |
| a |
|
Песни о животных |
| 606 |
Тематические рубрики |
0_ |
| a |
Основная рубрика |
Хоровое пение |
| x |
Основная подрубрика |
Из репертуара |
| x |
Основная подрубрика |
Детские хоры |
| x |
Основная подрубрика |
Песни детские |
| 610 |
Ключевые слова |
0_ |
| a |
Ключевые слова |
хоровое пение; песни детские; из репертуара; детские хоры |
| 686 |
Индексы других классификаций |
__ |
| 2 |
Код системы |
rubbk |
| a |
Классификационный индекс |
85.984.22(3)я436 |
| a |
Классификационный индекс |
85.984.22,8 |
| 702 |
Вторичная интеллектуальная ответственность |
_1 |
| a |
Фамилия |
Попов |
| b |
Имя (инициалы) |
В. С. |
| g |
Полное личное имя |
Виктор Сергеевич |
| 4 |
Код отношения |
220 |
| 4 |
Код отношения |
080 |
| 712 |
Наименование организации (Вторичная ответственность) |
02 |
| a |
Организация/ юрисдикция |
Детский хор Болгарского радио и телевидения |
| 801 |
Источник записи |
_0 |
| a |
Страна |
RU |
| b |
Организация |
Ульяновская ОНБ |
| c |
Дата составления |
20250213 |
| g |
Правила каталогизации |
RCR |
| 801 |
Источник записи |
_1 |
| a |
Страна |
RU |
| b |
Организация |
Ульяновская ОНБ |
| c |
Дата составления |
20250213 |
| g |
Правила каталогизации |
RCR |
| 901 |
Тип документа |
__ |
| t |
Тип документа |
m |
| 909 |
Создатель записи |
__ |
| a |
Создатель записи |
Грязнова И. Е. |
| b |
Дата создания записи |
20250213 |